Convenis signats per la Generalitat de Catalunya : setembre 1977-març 1980 setembre 1977-març 1980
Descripción Física:
196 p., [1] f. ; 21'5 cm
Colección:
Col·lecció Departament de la Presidència ; 5
MARC
| LEADER | 00000nam a2200000Ia 4500 | ||
|---|---|---|---|
| 001 | 554 | ||
| 003 | BGR | ||
| 005 | 20260324175242.0 | ||
| 008 | 160829s1980 xx 000 0 cat d | ||
| 080 | |a M-2-163 | ||
| 110 | 1 | |a Catalunya. |b Generalitat |9 12125 | |
| 245 | |a Convenis signats per la Generalitat de Catalunya : |b setembre 1977-març 1980 | ||
| 260 | |a Barcelona : |b Servei Central de Publicacions de la Generalitat de Catalunya, |c 1980 | ||
| 300 | |a 196 p., [1] f. ; |c 21'5 cm | ||
| 490 | |a Col·lecció Departament de la Presidència ; 5 | ||
| 650 | |a Legislació |x Catalunya |x Repertoris |9 37726 | ||
| 650 | |a Convenis col·lectius de treball |x Dret i legislació |x Catalunya |x 1977/1980 |9 23193 | ||
| 710 | |a Catalunya. |b Departament de la Presidència |9 10777 | ||
| 901 | |a Arxiu | ||
| 942 | |n 1 |2 udc |c MON | ||
| 952 | |0 0 |1 0 |4 0 |6 M2163 |7 1 |9 42610 |a Arxiu |b Arxiu |d 2016-12-01 |l 0 |o M-2-163 |p 554 |r 2016-12-01 00:00:00 |w 2016-12-01 |y ARXIU | ||
| 999 | |c 45115 |d 45115 | ||